|
|
|
|
| LEADER |
00000nam0a2200000 4500 |
| 001 |
138059 |
| 005 |
20231101220723.0 |
| 010 |
|
|
|a 5900631125
|
| 035 |
|
|
|a (RuTPU)RU\TPU\book\149606
|
| 090 |
|
|
|a 138059
|
| 100 |
|
|
|a 20080520d2008 k y0rusy50 ca
|
| 101 |
0 |
|
|a rus
|
| 102 |
|
|
|a RU
|
| 105 |
|
|
|a a fl 001zy
|
| 200 |
1 |
|
|a Лакокрасочные материалы и покрытия
|e энциклопедия международных стандартов
|f Г. С. Фомин
|
| 205 |
|
|
|a 2-е изд., перераб. и доп.
|
| 210 |
|
|
|a Москва
|c Протектор
|d 2008
|
| 215 |
|
|
|a 744 с.
|c ил.
|
| 225 |
1 |
|
|a Международные стандарты - народному хозяйству России
|
| 320 |
|
|
|a Библиогр.: с. 731-736.
|
| 330 |
|
|
|a Настоящая книга является первым в России и в мире справочным руководством по применению международных стандартов на лакокрасочные материалы и покрытия.В книге приведены все современные требования к лакокрасочным материалам и методам их контроля и испытаний, установленные Международной организацией по стандартизации (ИСО). Во втором издании переработаны все главы, приведены новые современные методы испытаний лакокрасочных материалов и защитных покрытий.Книга предназначена для специалистов предприятий лакокрасочной промышленности, а также для всех организаций и предприятий, применяющих отечественные и импортные лакокрасочные материалы.Рекомендуется студентам, обучающимся по специальностям «Технология лакокрасочных материалов и покрытий», «Химическое сопротивление материалов и защита от коррозии», «Метрология, стандартизация и сертификация».
|
| 606 |
1 |
|
|a Лакокрасочные материалы
|x Качество
|2 stltpush
|3 (RuTPU)RU\TPU\subj\39838
|9 59743
|
| 610 |
1 |
|
|a лакокрасочные покрытия
|
| 610 |
1 |
|
|a международная стандартизация
|
| 610 |
1 |
|
|a региональная стандартизация
|
| 610 |
1 |
|
|a пробы
|
| 610 |
1 |
|
|a испытания
|
| 610 |
1 |
|
|a пленкообразующие
|
| 610 |
1 |
|
|a растворители
|
| 610 |
1 |
|
|a пигменты
|
| 610 |
1 |
|
|a наполнители
|
| 610 |
1 |
|
|a жидкие лакокрасочные материалы
|
| 610 |
1 |
|
|a пленки
|
| 610 |
1 |
|
|a механические испытания
|
| 610 |
1 |
|
|a порошковые материалы
|
| 610 |
1 |
|
|a химический анализ
|
| 610 |
1 |
|
|a окружающая среда
|
| 610 |
1 |
|
|a коррозивность
|
| 610 |
1 |
|
|a коррозионные испытания
|
| 610 |
1 |
|
|a ускоренные испытания
|
| 610 |
1 |
|
|a безопасность
|
| 610 |
1 |
|
|a защитные лакокрасочные покрытия
|
| 610 |
1 |
|
|a международные стандарты
|
| 610 |
1 |
|
|a энциклопедии
|
| 675 |
|
|
|a 667.6(031)
|v 3
|
| 700 |
|
1 |
|a Фомин
|b Г. С.
|g Геннадий Сергеевич
|
| 801 |
|
1 |
|a RU
|b 63413507
|c 20080520
|g PSBO
|
| 801 |
|
2 |
|a RU
|b 63413507
|c 20150126
|g PSBO
|
| 900 |
|
|
|a Технология материалов и покрытий
|
| 942 |
|
|
|c BK
|
| 959 |
|
|
|a 51/20080520
|d 1
|e 3750,00
|f ЧЗКДП:1
|